000 00723nam0a22002291 4500
001 rc\824582
005 20250622004329.0
035 _a(NLR Aleph) 006007039
090 _a7288904
_c7288904
100 _a20041129d1984 |||y0rusy50 ca
101 0 _arus
102 _aRU
105 _aa |||||||||
200 1 _aЖуравлиное крыло
_eСтихи
_eПер. с якут.
_fСергей Васильев-Борогонский
210 _aМ.
_cСов. писатель
_d1984
215 _a71 с.
_cпортр.
_d16
700 1 _aВасильев
_bС.С.
_f1907-1975
_gСергей Степанович
801 0 _aRU
_bNLR
_gpsbo
801 1 _aRU
_bELAR
_2rusmarc
852 _aNLR
_j84-2/3552
942 _cBOOK
980 _aNB